| 000 | 00499nam a2200181Ia 4500 | ||
|---|---|---|---|
| 005 | 20250508160714.0 | ||
| 008 | 008 250505s9999 xx 000 0 hin d | ||
| 037 | _aTextual | ||
| 040 |
_aFEDL _beng _cFEDL |
||
| 041 |
_ahin _2eng |
||
| 084 |
_a519.5, GUP _qFEDL |
||
| 100 | _aGupta Satya Prakash | ||
| 245 | 0 | _aSankhiyaki ke siddhant, Bhag 1 | |
| 260 |
_aDelhi, India _bSultan Chand and Sons _c1971 |
||
| 300 | _a624p | ||
| 942 |
_cTEXL _h519.5, GUP |
||
| 999 |
_c1366140 _d1366140 |
||